000 00272nam a2200109Ia 4500
008 220204s9999 xx 000 0 und d
082 _a82-3FOR
_bFOR
100 _aForster, E M
245 0 _aWhere angels fear to tread etc
260 _aLondon
_bHeinemann
_c1978
942 _cBK
999 _c30581
_d30581